000
00334nam a2200121Ia 4500
008
151015s9999 xx 000 0 und d
020
_a
735609810
050
_a
TK5102.8885.M53M537
250
_a
_Step by step courseware microsoft
300
_a
USA Microsoft press 2000
650
_a
_Microsoft
700
_a
^d20110210 10:55:44^okorir
999
_c
1051
_d
1051